000
00243nam a2200097Ia 4500
082
_a
ETF HORO
245
0
_a
Stormbreaker
100
_a
HOROWITZ, Anthony London, 2005
_9
34643
942
_c
BK
008
210817s9999 xx 000 0 und d
999
_c
204684
_d
204682